| 000 | 00512nam a2200193 a 4500 | ||
|---|---|---|---|
| 001 | 1771588832371 | ||
| 003 | YourLibrary | ||
| 005 | 20260220173229.0 | ||
| 008 | 260220s2008##################000#0#eng## | ||
| 020 | _a9781403935823 | ||
| 082 | 0 | 4 |
_a320.15 _bPEM |
| 100 | 1 |
_aPemberton, Joanne, _eauthor. |
|
| 245 | 1 | 0 | _aSovereignty: Interpretations : |
| 260 |
_bPalgrave Macmillan, _c2008. |
||
| 300 | _a288 pages | ||
| 650 | 0 | _aPolitical Science. | |
| 942 | _cENGLISH | ||
| 040 |
_aYourLibrary _beng _cYourLibrary |
||
| 999 |
_c614639 _d614639 |
||